00678nam a2200181 a 4500003000200000005001700002008004100019050003100060100002900091245006000120260009300180300004600273504004100319650003000360650005000390650003000440650002600470020250307103520.0090703s19uu xx 00 eng d aPGS LB 1065.5b.Al385 2009 aAlfaro, France Donise D. aStudents' motivation styles /cFrance Donise D. Alfaro. aLas Piñas City, Philippines : bSouthville International School and Colleges, c2009. a21 pages : billustrations ; c28 cm.  aIncludes bibliographical references. aMotivation in education.  aAcademic achievement vPsychological aspects. aLearning, Psychology of.  aStudents vAttitudes.